| 000 | 00552nam a2200193 a 4500 | ||
|---|---|---|---|
| 005 | 20240316063823.0 | ||
| 008 | 991125s1977 ag 000 0 spa u | ||
| 020 | _a0306309866 | ||
| 035 | _aUPN01000017462 | ||
| 049 | _aCG | ||
| 050 | 4 |
_aBF531 _bH8.5 |
|
| 245 | 0 | 0 |
_aHuman emotions / _c[ed.] Carroll E. Izard. |
| 260 |
_aNew York : _bPlenum press, _c1977. |
||
| 300 |
_a495 p. : _bil., figs. |
||
| 440 | 0 | _aEmotions, personality, and psychotherapy | |
| 650 | 4 |
_aEmociones _939 |
|
| 700 | 1 |
_aIzard, Carroll Ellis, _d1924- _eed. _930546 |
|
| 905 | _aLibro | ||
| 999 |
_c17462 _d17462 |
||